| 000 | 00750nam a2200169 i 4500 | ||
|---|---|---|---|
| 001 | 190319 | ||
| 003 | ES-MaACL | ||
| 005 | 20250902095227.0 | ||
| 008 | 201106s1893 sp b |||| | spa d | ||
| 110 | 2 |
_aReal Sociedad Económica de Amigos del País de Tenerife _9170697 |
|
| 245 | 1 | 0 | _aObservaciones de la Sociedad Económica de Amigos del País de Santa Cruz de Tenerife al Real Decreto de 22 de marzo de 1893 sobre división territorial militar en lo que concierne a la provincia de Canarias. |
| 260 |
_aMadrid : _b[s.n.], _c1893 ( _fEst. Tip. La Guirnalda) |
||
| 300 |
_a35 p. : _b[1] h. de map. pleg. ; _c23 cm. |
||
| 651 | 4 |
_aCanarias- _xDivisiones territoriales. _9170863 |
|
| 852 |
_aES-MaACL _jT-695-F-7 |
||
| 999 |
_c190319 _d190319 |
||